00653nam a2200193 a 450000100100000000500170001000800410002704000250006808200210009310000280011424500450014225000110018726000500019830000250024850000350027304900090030895201250031799900170044200002498320200930023505.0110208s1969 mx r 000 0 spa d aDO-SdBNPbspacBNPHU aNNNbM538e, 19691 aMéndez, Aquile95126310aEtica profesional /cAquiles Menéndez. a4a ed. aMéxico :bHerrero Hermanos Editores,c1969. axv, 281 p. ;c22 cm. aIncluye bibliografía (p. 23) aBNGR 001054708MOaGRbGRcCTd2011-02-08iLF1l0oNNN M538e, 1969p24983-10r2020-06-25w2020-06-25y4ZPréstamo en sala c24476d24476